El vientre de París (Record no. 128305)

MARC details
000 -LEADER
campo de control de longitud fija 00769nam a2200205 i 4500
001 - NÚMERO DE CONTROL
campo de control 128305
003 - IDENTIFICADOR DE NÚMERO DE CONTROL
campo de control ES-MaACL
005 - FECHA Y HORA DE LA ÚLTIMA TRANSACCIÓN
campo de control 20250804011348.0
007 - CAMPO FIJO DE DESCRIPCIÓN FÍSICA--INFORMACIÓN GENERAL
campo de control de longitud fija t|
008 - DATOS DE LONGITUD FIJA--INFORMACIÓN GENERAL
campo de control de longitud fija 070628s1982 sp ||||1| spa d
100 1# - ENTRADA PRINCIPAL--NOMBRE DE PERSONA
Nombre de persona Zola, Émile,
Fechas asociadas al nombre 1840-1902
9 (RLIN) 118331
245 13 - MENCIÓN DEL TÍTULO
Título El vientre de París
Resto del título : . Los Rougon -Macquart : historia natural y social de una familia del Segundo Imperio /
Mención de responsabilidad, etc. Emile Zola ; [traducción, Esther Benítez].
260 ## - PUBLICACIÓN, DISTRIBUCIÓN, ETC.
Lugar de publicación, distribución, etc. Madrid :
Nombre del editor, distribuidor, etc. Alianza,
Fecha de publicación, distribución, etc. [1982]
300 ## - DESCRIPCIÓN FÍSICA
Extensión 331 p. ;
Dimensiones 18 cm.
490 1# - MENCIÓN DE SERIE
Mención de serie Libros de bolsillo ;
Designación de volumen o secuencia 874.
Mención de serie Sección Clásicos
700 1# - ENTRADA AGREGADA--NOMBRE PERSONAL
Nombre de persona Benítez, Esther,
Fechas asociadas al nombre 1937-2001
9 (RLIN) 27600
830 03 - PUNTO DE ACCESO ADICIONAL DE SERIE-TÍTULO UNIFORME
Título uniforme El libro de bolsillo.
Nombre de parte o sección de la obra Clásicos
Designación de volumen o secuencia 874.
9 (RLIN) 179723
852 ## - LOCALIZACIÓN
Ubicación ES-MaACL
Número de control de estantería L-3228
Sublocalización o colección R.104215
Holdings
Estatus retirado Estado de pérdida Estado de daño No para préstamo Biblioteca de origen Biblioteca actual Ubicación en estantería Fecha de adquisición Fuente de adquisición Total de préstamos Signatura topográfica completa Código de barras Visto por última vez Precio de reemplazo Tipo de ítem Koha
        Biblioteca del Ateneo de Madrid Biblioteca del Ateneo de Madrid Depósito 2 17/01/2008     L-3228 1133631 23/02/2023 23/02/2023 Libro impreso